Reste de l'Europe - Joueurs emblématiques - Statistiques

Statistiques générales
  • Ce quiz a été pris 138 fois
  • Le résultat moyen est 20 sur 30
Statistiques - réponses
Indices Joueur % Correct
Ballon d'or 2018, finaliste de la Coupe du Monde 2018, vainqueur de 4 Ligues des Champions avec le Real Madrid Luka Modric
91%
Attaquant célèbre pour ses buts spectaculaires mais aussi son côté médiatique, 2ème meilleur buteur du PSG, meilleur buteur de sa sélection Zlatan Ibrahimovic
90%
Milieu offensif ambidextre, réputé pour sa combativité lorsqu'il jouait à la Juventus, ballon d'or 2003 Pavel Nedvěd
87%
Gardien considéré comme le meilleur de tous les temps, champion olympique des jeux de 1956 Lev Yashin
84%
84 buts en 85 sélections, 240 buts pour le Real Madrid en quasiment autant de matchs, son nom est aujourd'hui associé au prix récompensant le plus beau but de l'année Ferenc Puskàs
83%
Meilleur buteur du Pays de Galle, double buteur lors de la finale de la Ligue des Champions 2018, vainqueur de 4 C1 Gareth Bale
83%
Ailier gauche élu meilleur jeune de Ligue 1 à 2 reprises lors de son passage à Lille, champion d'Angleterre 2015 et 2017 avec Chelsea Eden Hazard
82%
237 buts en 281 matchs pour le Bayern Munich, Capitaine, joueur le plus capé et meilleur buteur de la Pologne Robert Lewandowski
82%
Elu gardien de l'année en 1992 et 1993, vainqueur de la C1 1999 avec Manchester United, 129 sélections avec le Danemark Peter Schmeichel
81%
Joueur le plus capé de Manchester United, 2ème joueur le plus titré de l'histoire du foot, meilleur passeur de l'histoire de la Premier League Ryan Giggs
80%
Meilleur buteur et joueur le plus capé de la Bosnie-Herzégovine, attaquant qualifié de "renard des surfaces" redoutable, passé par Manchester City et l'AS Rome Edin Džeko
75%
Milieu de terrain dôté d'un jeu de passe exceptionnel, 3ème de la Coupe du Monde 2018, champion d'Angleterre 2018 et 2019 avec Manchester City Kevin De Bruyne
73%
Joueur le plus capé et 2ème meilleur buteur de Naples, 118 sélections pour la Sovaquie Marek Hamsik
70%
Attaquant technique célèbre pour son allure nonchalante sur le terrain, meilleur buteur de la Bulgarie, champion d'Angleterre 2009 et 2011 avec Manchester United Dimitar Berbatov
69%
Milieu offensif considéré comme le meilleur joueur de l'histoire du Danemark, passé par le FC Barcelone et le Real Madrid, son frère est également pro et compte 82 sélections en équipe nationale Michael Laudrup
68%
Buteur très prolifique avec 326 buts en club et 48 en sélection, vainqueur de la Ligue des Champions 2003 avec l'AC Milan, ballon d'or 2004 Andreï Chevtchenko
67%
Attaquant suédois ayant inscrit plus de 200 buts pour le Celtic Glasgow, vainqueur de la Ligue des Champions 2006 avec le FC Barcelone, 37 buts en sélection Henrik Larsson
64%
Milieu de terrain très aggressif ayant encaissé plus de 15 cartons rouges au cours de sa carrière, vainqueur de la Ligue des Champions 1999 avec Manchester United Roy Keane
64%
Milieu offensif passé par l'Ajax Amsterdam, le FC Barcelone et Liverpool, Joueur le plus capé et meilleur buteur de la Finlande Jari Litmanen
62%
Meilleur buteur de la Coupe du Monde 1998, attaquant passé par Séville, le Real Madrid et Arsenal, meilleur buteur de la Croatie Davor Šuker
61%
Milieu offensif vainqueur de la Supercoupe d'Espagne 1990 avec le Real Madrid et 1994 avec le FC Barcelone, meilleur buteur de la Roumanie Gheorghe Hagi
61%
Footballeur russe de l'année en 2006, 6ème du ballon d'or 2008, 144 matchs pour Arsenal Andreï Arshavin
60%
Attaquant dôté d'un talent exceptionnel, légende de Manchester United avec 181 buts, ballon d'or 1968 George Best
55%
Attaquant gaucher réputé pour son mauvais caractère, vainqueur de la Ligue des Champions 1992 avec le FC Barcelone, ballon d'or 1994 Hristo Stoichkov
55%
Recordman du but le plus rapide inscrit en Coupe du Monde, meilleur buteur de la sélection turque Hakan Şükür
50%
Joueur le plus capé et meilleur buteur de l'Ecosse, vainqueur des Ligues des Champions 1978, 1981 et 1984 avec Liverpool Kenny Dalglish
50%
Véritable attaquant de pointe souvent à la finition des actions ce qui en fait le meilleur buteur de Liverpool avec 346 buts, 5 fois champion d'Angleterre Ian Rush
32%
Elu meilleur gardien de la Coupe du Monde 1994, 3 fois champion de Belgique, actuel vice-président du Standard de Liège Michel Preud'homme
29%
Milieu comptant 345 matchs pour le PSG, reconverti en entraîneur passé par 10 clubs différents en majorité turcs, 21 buts pour la Yougoslavie Safet Susic
29%
Milieu de terrain belge ayant participé à 4 Coupe du Monde entre 1986 et 1998, 4 fois champion de Belgique avec Anderlecht, 6ème du ballon d'or 1990 Enzo Scifo
25%
Aucun quiz correspondant
Distribution des résultats
% des personnes avec chaque résultat
Percentile par nombre de réponses
Votre historique - résultats
Vous n’avez pas pris ce quiz